Alphabet international en mort subite - Statistiques

Statistiques générales
  • Ce quiz a été pris 6 121 fois
  • Le résultat moyen est 4 sur 13
Answers on the Grid
Answers color-coded by a green-red scale on the quiz's grid according to % correct below.
Alpha
Beta
Charlie
Delta
Europe
Foxtrot
George
Hotel
Irma
Juliet
King
Lima
Madrid
November
October
Papa
Queen
Roger
Sierra
Tango
Uncle
Victory
Whiskey
Xylophone
Yankee
Zebra
 
Statistiques - réponses
Réponse % Correct
Alpha
97%
Charlie
30%
Delta
28%
Foxtrot
26%
Lima
22%
Tango
22%
Hotel
21%
Papa
21%
Juliet
20%
November
20%
Sierra
18%
Whiskey
18%
Yankee
18%
Aucun quiz correspondant
Distribution des résultats
% des personnes avec chaque résultat
Percentile par nombre de réponses
Votre historique - résultats
Vous n’avez pas pris ce quiz